| 000 | 00777cam a22002531 4500 | ||
|---|---|---|---|
| 001 | sd 41000080 | ||
| 003 | DLC | ||
| 005 | 20260227112734.0 | ||
| 008 | 920709s1940 gw b 000 0 ger c | ||
| 010 | _asd 41000080 | ||
| 035 | _a(OCoLC)26158124 | ||
| 040 |
_aU.S. Dept. of state. Libr. _cCU _dCU _dDLC |
||
| 042 | _apremarc | ||
| 050 | 0 | 0 |
_aJA44 _b.B37 |
| 082 | _a940.325 | ||
| 100 | 1 |
_aRogge, Heinrich, _d1886- |
|
| 245 | 1 | 4 |
_aDie neutralen und Deutschland; _bvom wesen der neutralität, _cvon dr. Heinrich Rogge ... |
| 260 |
_aBerlin, _bJunker und Dünnhaupt, _c1940. |
||
| 300 |
_a40 p. _c24 cm. |
||
| 440 | 0 |
_aSchriften für politik und auslandskunde, _vhft. 54 |
|
| 504 | _a"Zum schrifttum" : p. 39-40. | ||
| 650 | 0 | _aNeutrality. | |
| 650 | 0 | _aWorld War, 1939-1945. | |
| 999 |
_c89879 _d89879 |
||